| 000 | 00951nam a2200361 a 4500 | ||
|---|---|---|---|
| 001 | UByD002475 | ||
| 003 | AR-LpoUNG | ||
| 005 | 20240301145852.0 | ||
| 008 | 240301s2023||||ag |||||||||||||||||spa d | ||
| 020 | _a9789874863461 | ||
| 040 |
_aAR-LpoUNG _bspa _eaacr |
||
| 041 | _aspa | ||
| 044 | _aag | ||
| 082 | 0 | _a410 864est | |
| 100 | 1 | _aLópez García, María | |
| 245 | 1 | 1 |
_a¿Está bien dicho? : _bhablar y escribir más allá de la ortografía y el diccionario |
| 250 | _a1ra. ed. | ||
| 260 |
_aBuenos Aires : _bTilde, _c2023. |
||
| 300 | _a106 p. | ||
| 650 | 4 | _aLINGÜÍSTICA | |
| 650 | 4 | _aGRAMATICA | |
| 650 | 4 | _aSINTAXIS | |
| 650 | 4 | _aCOMPORTAMIENTO LINGÜISTICO | |
| 650 | 4 | _aESCRITURA | |
| 650 | 4 | _aINVESTIGACION LINGÜISTICA | |
| 650 | 4 | _aLENGUAJE HABLADO | |
| 650 | 4 | _aMANERA DE HABLAR | |
| 650 | 4 | _aSOCIOLINGÜISTICA | |
| 650 | 4 | _aLENGUA | |
| 653 | _aFORMAS VERBALES | ||
| 905 | _a17664 | ||
| 942 |
_cLIB _2ddc |
||
| 999 |
_c64998 _d64998 |
||